000 00697nam a2200217 a 4500
999 _c4587
_d4587
001 4587
003 BD-JhCC
005 20171128185906.0
008 171128s1390 bg |||| ||a| 000 0 ben d
035 _a(BD-JhCC)4587
040 _aBD-JhCC
_dBD-JhCC
041 _aben
082 _a891.44
_bBAR 1390
100 _aবর্ধন, অদ্রীশ
245 _aঅদ্রীশ বর্ধনের শ্রেষ্ঠ গোয়েন্দা কাহিনী /
_cঅদ্রীশ বর্ধন
260 _aকলিকাতা :
_bগ্রন্থালোক,
_c1390.
300 _a314 p. :
_c20 cm
650 _aDetective Fiction
942 _2ddc
_cBK